| 000 | 03349cam a2200265 i 4500 | ||
|---|---|---|---|
| 001 | 21732832 | ||
| 005 | 20250325105917.0 | ||
| 008 | 200930s2021 enka b 001 0 eng | ||
| 010 | _a 2020043309 | ||
| 020 |
_a9781789664669 _q(paperback) |
||
| 040 |
_aDLC _beng _cDLC _erda _dDLC |
||
| 042 | _apcc | ||
| 050 | 0 | 0 |
_aHF5415.1255 _b.S39 2021 |
| 100 |
_aSchaefer, Wolfgang, _eauthor. _925015 |
||
| 245 | 1 | 0 |
_aBrand elevation _b: lessons in ueber-branding _c/ Wolfgang Schaefer and JP Kuehlwein. |
| 264 | 1 |
_aLondon, United Kingdom ; _aNew York, NY : _bKogan Page, _c2021. |
|
| 300 |
_axiv, 287 pages ; _billustrations : _c25 cm |
||
| 504 | _aIncludes bibliographical references and index. | ||
| 505 | _aMission incomparable: Having a distinct, brand-guiding Mission — Longing vs belonging: Balancing exclusivity and inclusion — Un-selling: Mastering the art of seduction — From Myth to meaning: Giving the brand soul — Behold the product!: Making your product manifest the Myth — Living the dream: Letting the brand radiate from the inside out — Growth without end: Balancing scaling and brand building — HOW TO — SIX STEPS TO ELEVATE YOUR BRAND — Set Your Mission — Write Your Myth — Realize Your Dream — Live Your Dream — Find Your Ueber-Target — Ignite All Targets — Summing up — The Ueber-Branding Model LESSONS — UEBER-BRANDING IN ACTION — TerraCycle — From Mission to Myth to movement, or — How to ‘eliminate the idea of waste’ Acqua di Parma — The power of a mythical core, or — How to build your business and your equity simultaneously Burt’s Bees — Growing an Ueber-Brand ground up, or — How purpose and profit can live in harmony Starbucks — The renaissance plan, or — How to leap ahead by going back to quality and service Airbnb — The importance of culture, or — How Airbnb found, launched and lives its purpose Lakrids — Growth without end, or — How to scale a dream YouTube — Platform or brand of the future, or — How to be one when you are many EPILOGUE — Crises — Times of Ueber-Opportunities References and further reading — Index | ||
| 520 |
_aHow can a brand become one of those peerless 'Ueber-Brands' we all admire and are willing to pay a premium for? Is there a proven process? Where should we start?
Brand Elevation explains the main drivers behind brands becoming peerless and priceless and how to harness these principles to develop a winning brand strategy. Written for marketers and brand managers of all levels of experience, and for both those working in start-ups and established players, it proposes a six-step, easy-to-follow program to elevate your brand.
Brand Elevation explores challenges such as creating a distinct and brand-guiding mission, mediating between exclusivity and inclusion and mastering the art of seduction. Featuring case studies and expert accounts from organizations including Airbnb, Acqua di Parma, Burt's Bees, Lakrids, Starbucks, TerraCycle, and YouTube, Wolfgang Schaefer and JP Kuehlwein skilfully explain how any brand - regardless of sector and industry - can become a modern prestige brand. _cProvided by publisher. |
||
| 650 | 0 |
_aBranding (Marketing) _96284 |
|
| 650 | 0 |
_aBrand name products _92371 |
|
| 700 |
_aKuehlwein, J. P., _eauthor. _925016 |
||
| 942 | _2lcc | ||
| 999 |
_c4573 _d4573 |
||